| 000 | 01859cam a22004453i 4500 | ||
|---|---|---|---|
| 001 | 2757 | ||
| 005 | 20240112120349.0 | ||
| 020 |
_a9781591940180 _q(paperback) |
||
| 020 |
_a1591940184 _q(paperback) |
||
| 020 | _a9781417783663 | ||
| 020 | _a1417783664 | ||
| 020 | _a9780439904919 | ||
| 020 | _a0439904919 | ||
| 020 |
_a9781098250409 _q(Townsend Press/Spotlight; hc) |
||
| 020 |
_a1098250400 _q(Townsend Press/Spotlight; hc) |
||
| 020 |
_a9780605596566 _q(permabound) |
||
| 020 |
_a0605596565 _q(permabound) |
||
| 040 |
_aJED _beng _cJED _erda _dXY4 _dINR _dBAKER _dXY4 _dEHH _dOCLCQ _dYDXCP _dMOF _dP@N _dOCLCA _dBTCTA _dNXA _dJQD _dPZT _dUOI _dBDX _dIAD _dOCLCQ _dOCLCF _dIAD _dOCLCQ _dIAD _dOCLCO _dOCL _dOCLCO _dIAD _dOCLCO _dOCL _dOCLCO _dO2C _dOCLCO _dRB0 _dOCLCO _dFEM _dCDS _dZGV _dOCL _dIOU _dCHILD _dOCLCQ _dALWOO _dOCLCO _dOCLCQ _dOCL _dH9Z _dCCHGZ _dOCLCQ _dHZJ _dTEU _dOCLCO _dZQP _dILM _dOCLCQ _dOCLCO _dNGU _dWKP _dIGP _dOCL _dOCLCO _dDLC |
||
| 050 | 0 | 0 | _aPZ7.S3768 |
| 082 | _a813 | ||
| 100 | 1 |
_aLangan, Paul _d1972- _eauthor. |
|
| 245 | 1 | 0 |
_aSummer of secrets / _cPaul Langan |
| 250 | _aFirst Scholastic printing, January 2008 | ||
| 260 |
_aWest Berlin : _bScholastic, _c2004 |
||
| 300 |
_a142 pages ; _c18 cm |
||
| 490 | 1 |
_aBluford series ; _vbook 10 |
|
| 500 | _aReading level: Grade 6, 7, 8, 9, 10. | ||
| 505 | _aM | ||
| 520 | _aWhen a frightening ordeal turns her life upside down, Darcy reaches out to her friends for help, but discovers that one of them has an even bigger secret. | ||
| 521 |
_a710 _bLexile |
||
| 521 |
_aM _bRaz-Plus |
||
| 650 | 0 |
_aAfrican American teenagers _vFiction. |
|
| 650 | 0 |
_aHigh school students _vFiction. |
|
| 650 | 1 | _aAdventure fiction. | |
| 650 | 1 |
_aAfrican American teenagers _vFiction. |
|
| 655 | 0 | _aReaders (Adult) | |
| 655 | 7 |
_aYoung adult fiction. _2lcsh |
|
| 906 |
_a7 _bcbc _ccopycat _d2 _encip _f20 _gy-genrareb |
||
| 942 |
_2ddc _cBK _n0 |
||
| 999 |
_c2757 _d2757 |
||